New Age encyclopedia : (Record no. 24458)
[ view plain ]
| 000 -LEADER | |
|---|---|
| fixed length control field | 01096cam a22002654a 4500 |
| 001 - CONTROL NUMBER | |
| control field | 12955067 |
| 005 - DATE AND TIME OF LATEST TRANSACTION | |
| control field | 20170128143548.0 |
| 008 - FIXED-LENGTH DATA ELEMENTS--GENERAL INFORMATION | |
| fixed length control field | 021002s2003 njua be 000 0 eng |
| 010 ## - LIBRARY OF CONGRESS CONTROL NUMBER | |
| LC control number | 2002038676 |
| 020 ## - INTERNATIONAL STANDARD BOOK NUMBER | |
| International Standard Book Number | 1564146405 (pbk.) |
| 042 ## - AUTHENTICATION CODE | |
| Authentication code | pcc |
| 050 00 - LIBRARY OF CONGRESS CALL NUMBER | |
| Classification number | BP605.N48 W552 2003 |
| 100 1# - MAIN ENTRY--PERSONAL NAME | |
| Personal name | Whitworth, Belinda. |
| 245 10 - TITLE STATEMENT | |
| Title | New Age encyclopedia : |
| Remainder of title | a mind, body, spirit reference guide / |
| Statement of responsibility, etc. | by Belinda Whitworth. |
| 250 ## - EDITION STATEMENT | |
| Edition statement | [Rev. ed.]. |
| 260 ## - PUBLICATION, DISTRIBUTION, ETC. (IMPRINT) | |
| Place of publication, distribution, etc. | Franklin Lakes, N.J. : |
| Name of publisher, distributor, etc. | New Page Books, |
| Date of publication, distribution, etc. | c2003. |
| 300 ## - PHYSICAL DESCRIPTION | |
| Extent | 283 p. : |
| Other physical details | ill. ; |
| Dimensions | 21 cm. |
| 504 ## - BIBLIOGRAPHY, ETC. NOTE | |
| Bibliography, etc | Includes bibliographical references (p. 273-283). |
| 650 #0 - SUBJECT ADDED ENTRY--TOPICAL TERM | |
| Topical term or geographic name as entry element | New Age movement |
| Form subdivision | Encyclopedias. |
| 942 ## - ADDED ENTRY ELEMENTS (KOHA) | |
| Source of classification or shelving scheme | |
| Koha item type | Reference Material |
| Classification part | REF BP605.N48 W552 2003 |
| Withdrawn status | Lost status | Source of classification or shelving scheme | Damaged status | Not for loan | Home library | Current library | Shelving location | Date acquired | Source of acquisition | Total Checkouts | Full call number | Barcode | Date last seen | Price effective from | Koha item type |
|---|---|---|---|---|---|---|---|---|---|---|---|---|---|---|---|
| MACHAKOS UNIVERSITY LIBRARY | MACHAKOS UNIVERSITY LIBRARY | Reference | 28/01/2017 | Donation(BFA) | BP605.N48 W552 2003 | 32799 | 10/07/2018 | 28/01/2017 | Reference Material |